Cơ học Đã được Hội đồng môn học của Bộ Giáo dục và Đào tạo thông qua dùng làm tài liệu giảng dạy trong các trường Đại học kỹ thuật

Sparad:
Bibliografiska uppgifter
Huvudupphovsman: Đỗ Sanh
Materialtyp: Bok
Språk:Undetermined
Publicerad: Hà Nội Giáo dục 2003
Ämnen:
Taggar: Lägg till en tagg
Inga taggar, Lägg till första taggen!
Thư viện lưu trữ: Trung tâm Học liệu Trường Đại học Cần Thơ
LEADER 00686nam a2200205Ia 4500
001 CTU_62501
008 210402s9999 xx 000 0 und d
020 |b 9000 
082 |a 530.15 
082 |b S107 
100 |a Đỗ Sanh 
245 0 |a Cơ học 
245 0 |b Đã được Hội đồng môn học của Bộ Giáo dục và Đào tạo thông qua dùng làm tài liệu giảng dạy trong các trường Đại học kỹ thuật 
245 0 |c Đỗ Sanh 
260 |a Hà Nội 
260 |b Giáo dục 
260 |c 2003 
650 |a dynamics,mechanics 
904 |i Trúc 
980 |a Trung tâm Học liệu Trường Đại học Cần Thơ